| 000 | 00669nam a2200241Ia 4500 | ||
|---|---|---|---|
| 001 | 51615 | ||
| 005 | 20240114005233.0 | ||
| 007 | ta | ||
| 008 | 091030s2007 g b000 u 465 u | ||
| 020 | _a81-219-2861-3 | ||
| 040 | _aCotton College Libra | ||
| 041 | _a465 | ||
| 082 |
_a612 _bSi 64 Ha |
||
| 100 | _aSingh, Dr. H.D. . | ||
| 245 | 0 |
_aHandbook Of Basic Human Physiology (For Paramedical Students) / _cDr. H.D.Singh. _hTextual Documents |
|
| 250 | _a1st ed. / | ||
| 260 |
_aN.Delhi : _bS.Chand & Co , _c2007. |
||
| 300 | _a577 ; | ||
| 653 | _aHuman Physiology,Paramedical study | ||
| 942 |
_2ddc _cBK |
||
| 999 |
_c51580 _d51580 |
||